Commentariolvm petitionis. Estrategias de campaña electoral.
I tiakina i:
| Kaituhi matua: | |
|---|---|
| Ētahi atu kaituhi: | |
| Hōputu: | Pukapuka |
| Reo: | Ingarihi |
| I whakaputaina: |
México, D.F., México:
Universidad Nacional Autónoma de México,
2007.
|
| Putanga: | Primera edición. |
| Rangatū: | Bibliotheca Ivridica Latina Mexicana (Instituto de Investigaciones Jurídicas. Instituto de Investigaciones Filológicas),
|
| Ngā marau: | |
| Ngā Tūtohu: |
Tāpirihia he Tūtohu
Kāore He Tūtohu, Me noho koe te mea tuatahi ki te tūtohu i tēnei pūkete!
|
MARC
| LEADER | 00000nam a22000007a 4500 | ||
|---|---|---|---|
| 003 | CL-VaPUC | ||
| 005 | 20220822114841.0 | ||
| 008 | 220809t2007 ||||| |||| 00| 0 eng d | ||
| 999 | |c 438151 |d 438149 | ||
| 020 | |a 978-970-32-4429-4 | ||
| 040 | |c Pontificia Universidad Católica de Valparaíso | ||
| 082 | |2 22 |a 324.720937 CIC 2007 | ||
| 100 | |9 875160 |a Cicerón, Quinto Tulio |e autor | ||
| 245 | |a Commentariolvm petitionis. Estrategias de campaña electoral. | ||
| 250 | |a Primera edición. | ||
| 260 | |a México, D.F., México: |b Universidad Nacional Autónoma de México, |c 2007. | ||
| 300 | |a Paginación irregular. | ||
| 490 | |a Bibliotheca Ivridica Latina Mexicana (Instituto de Investigaciones Jurídicas. Instituto de Investigaciones Filológicas), |n 11. | ||
| 500 | |a c.1 Donación Familia Prof. Alejandro Guzmán Brito. | ||
| 583 | |c 20220809 |k Yessy Sthefany Diaz Vidal | ||
| 650 | 0 | |9 464493 |a Campañas electorales |x Estrategias |z Antigua Roma | |
| 651 | |a Roma |x Elecciones |9 875165 | ||
| 700 | |9 875164 |a Reyes Coria, Bulmaro |e traducción |e introducción |e notas | ||
| 942 | |2 ddc |c BK |n 0 | ||
| 952 | |0 0 |1 0 |2 ddc |4 0 |6 324_720937000000000_CIC_2007 |7 1 |8 C_AGB |9 586032 |a BIBDER |b BIBDER |d 2022-08-09 |e Donación |i 5653929 |o 324.720937 CIC 2007 |p 5653929 |r 2023-01-25 |t 1 |w 2022-08-09 |y BK_US |k AGB | ||